00313nam a2200133Ia 4500003000400000008004100004040001600045082001500061100001700076245004000093260002200133300000800155650001600163GCL140319s9999 xx 000 0 eng d aGCL / cGCL04a709.4bR L1 aRUSKIN, JOHN10aThe Lamp of Beauty / cRUSKIN, JOHN a[S.N] : bPHAIDON a34204aART, EUROPA